[Event "SUR-ch"]
[Site "Paramaribo"]
[Date "2015.03.20"]
[Round "1"]
[White "Chou, Justin"]
[Black "Koenders, Etienne"]
[Result "0-1"]
[WhiteElo "1553"]
[BlackElo "1726"]
[PlyCount "56"]
[EventDate "2015.03.20"]
[EventType "tourn"]
[EventRounds "13"]
[EventCountry "SUR"]
[SourceTitle "EXT 2018"]
[Source "ChessBase"]
[SourceDate "2017.10.13"]
[SourceVersion "1"]
[SourceVersionDate "2017.10.13"]
[SourceQuality "1"]

1. e4 d6 2. d4 Nf6 3. Nc3 Nbd7 4. Nf3 e5 5. d5 c6 6. Bc4 Nb6 7. Bb3 Be7 8. 0-0 Bg4 9. h3 Bh5 10. Qd3 0-0 11. Nh4 Nfxd5 12. exd5 Bxh4 13. dxc6 bxc6 14. f4 exf4 15. Bxf4 d5 16. Ne2 c5 17. c4 d4 18. Bg3 Bxe2 19. Qxe2 Bxg3 20. Qd3 Qg5 21. Rf3 Bf4 22. Raf1 Be3+ 23. Kh1 g6 24. Bd1 Nd7 25. Qc2 f5 26. Re1 Ne5 27. Rff1 Qg3 28. Rf3 Qxe1+ 0-1